LEADER 01315nam a2200313 u 4500 001 000000062960 003 CaOOAMICUS 005 20070226121206.0 008 011015s1999 it u000 u ita u 035 $a10906494 040 $aPUL$bita 041 1 $aita$heng 100 1 $aFeynman, Richard Philips,$d1918-1988.$0(OLS)http://pul/name/42058 240 10$aQed : strange theory of light and matter.$lItaliano.$0(OLS)http://pul/title/83976 245 10$aQued :$bla strana teoria della luce e della materia /$cRichard P. Feynman. 250 $a5. ed. 260 $aMilano :$bAdelphi,$c1999. 300 $a195 p ;$c23 cm 490 1 $aBiblioteca scientifica ;$v12 504 $aBibliografia in nota. 650 4$aLuce.$0(OLS)http://pul/subject/23700 650 4$aEnergia elettrica.$0(OLS)http://pul/subject/23701 830 0$aBiblioteca scientifica (Adelphi) ;$v12.$0(OLS)http://pul/title/40718 850 $aPUL 852 $aPUL$W1$xDP2 Cons. Gen., Altre Classi 3$y97$m530 FEYRI 3$j177149$nBK-PRI$b $qDDC 21$B81762$CPULBib$Z2$F81762 $H85219 $81 941 1 $a10 961 $aprecedente collocazione; Fil 159 996 $6245$aQued :$bla strana teoria della luce e della materia$9(OLS)http://pul/title/83977 996 $6260$aMilano :$bAdelphi$9(OLS)http://pul/publisher/51018 LEADER 01013nam a2200277 a 4500 001 000000135993 003 CaOOAMICUS 005 20131024120608.0 008 131024s1988 it u000 u ita r 040 $aPUL$bita 041 1 $aita$heng 100 1 $aJames, Henry,$d1843-1916.$0(OLS)http://pul/name/80271 240 10$aAmerican.$lItaliano.$0(OLS)http://pul/title/171965 245 12$aL'americano :$bromanzo /$cHenry James ; a cura di Piero Pignata. 260 $aMilano :$bTea,$c1988. 300 $aXIV, 462 p. ;$c20 cm 490 1 $aTea ;$v09 700 1 $aPignata, Piero.$0(OLS)http://pul/name/87512 830 0$aTea ;$v09.$0(OLS)http://pul/title/171967 850 $aPUL 852 $aPUL$W1$xDP1 Fondo E. Rossi$y115$m2 B 52$j115545$qFondi$B156161$CPULBib$Z2$F156161 $82 941 1 $a1 961 $aSul dorso collocazione ms. di E. Rossi: II 47 996 $6245$aL'americano :$bromanzo$9(OLS)http://pul/title/171966 996 $6260$aMilano :$bTea$9(OLS)http://pul/publisher/70517